[Event "POL-chT 2nd div South"]
[Site "Polanica Zdroj"]
[Date "1999.??.??"]
[Round "8"]
[White "Kapral, Krzysztof"]
[Black "Sladkowski, Stanislaw"]
[Result "1-0"]
[WhiteElo "2160"]
[BlackElo "2134"]
[PlyCount "40"]
[EventDate "1999.09.17"]
[EventType "team-swiss"]
[EventRounds "10"]
[EventCountry "POL"]
[SourceTitle "EXT 2001"]
[Source "ChessBase"]
[SourceDate "2000.11.22"]
[SourceVersion "1"]
[SourceVersionDate "2000.11.22"]
[SourceQuality "1"]
[WhiteTeam "POL-chT 2nd div South 12"]
[BlackTeam "POL-chT 2nd div South 05"]
[WhiteTeamCountry "POL"]
[BlackTeamCountry "POL"]

1. Nf3 Nf6 2. d4 e6 3. g3 b6 4. Bg2 Bb7 5. 0-0 Be7 6. c4 0-0 7. Nc3 Ne4 8. Nxe4 Bxe4 9. Bd2 d6 10. Bc3 f5 11. Ne1 Bxg2 12. Nxg2 g5 13. f4 g4 14. e4 Nd7 15. exf5 exf5 16. Ne3 Rf7 17. Nxf5 Rf6 18. Qxg4+ Rg6 19. Qf3 Rb8 20. Rae1 Bf6 1-0

[Event "POL-chT 2nd div South"]
[Site "Polanica Zdroj"]
[Date "1999.??.??"]
[Round "5"]
[White "Sladkowski, Stanislaw"]
[Black "Lopusiewicz, Piotr"]
[Result "1-0"]
[WhiteElo "2134"]
[BlackElo "2154"]
[PlyCount "39"]
[EventDate "1999.09.17"]
[EventType "team-swiss"]
[EventRounds "10"]
[EventCountry "POL"]
[SourceTitle "EXT 2001"]
[Source "ChessBase"]
[SourceDate "2000.11.22"]
[SourceVersion "1"]
[SourceVersionDate "2000.11.22"]
[SourceQuality "1"]
[WhiteTeam "POL-chT 2nd div South 05"]
[BlackTeam "POL-chT 2nd div South 25"]
[WhiteTeamCountry "POL"]
[BlackTeamCountry "POL"]

1. e4 c5 2. Nf3 d6 3. d4 cxd4 4. Qxd4 Nc6 5. Bb5 Bd7 6. Bxc6 Bxc6 7. Nc3 Nf6 8. Bg5 e6 9. 0-0-0 Be7 10. Rhe1 Qa5 11. Kb1 0-0 12. Qd2 Rfd8 13. h4 Qc7 14. Nd4 d5 15. Nxc6 bxc6 16. e5 Ne4 17. Nxe4 dxe4 18. Qc3 Bxg5 19. hxg5 Rd5 20. Rxd5 1-0

[Event "POL-chT 2nd League South"]
[Site "Wisla"]
[Date "1998.??.??"]
[Round "?"]
[White "Blaszczuk, Zygmunt"]
[Black "Sladkowski, Stanislaw"]
[Result "1/2-1/2"]
[WhiteElo "2200"]
[BlackElo "2130"]
[PlyCount "81"]
[EventDate "1998.11.20"]
[EventType "team-swiss"]
[EventRounds "10"]
[EventCountry "POL"]
[SourceTitle "EXT 2000"]
[Source "ChessBase"]
[SourceDate "1999.11.16"]
[SourceVersion "1"]
[SourceVersionDate "1999.11.16"]
[SourceQuality "1"]

1. g3 e5 2. Bg2 Nf6 3. c4 d5 4. cxd5 Nxd5 5. Nf3 Nc6 6. 0-0 Nb6 7. Nc3 Be7 8. d3 0-0 9. a3 Re8 10. Be3 h6 11. Rc1 Bf8 12. Nd2 Nd4 13. Nb3 c6 14. Ne4 a5 15. Nec5 a4 16. Nd2 Nf5 17. Nc4 Nxc4 18. Rxc4 Nxe3 19. fxe3 Ra5 20. Qc1 Qe7 21. Ne4 Be6 22. Qd2 Qc7 23. Rc2 Be7 24. Rfc1 Qb6 25. Rf1 f5 26. Nf2 Bb3 27. Rc3 Rb5 28. Kh1 Bc5 29. Nd1 Bxd1 30. Qxd1 Rxb2 31. Qxa4 Bxe3 32. Qc4+ Kh8 33. Qf7 Ra8 34. d4 exd4 35. Qxf5 Qc7 36. Be4 g6 37. Qxg6 Qg7 38. Qh5 Qg5 39. Qf7 Qg7 40. Qh5 Qg5 41. Qf7 1/2-1/2

[Event "Bytom op"]
[Site "Bytom"]
[Date "1995.??.??"]
[Round "?"]
[White "Leskiewicz, Maksymilian"]
[Black "Sladkowski, Stanislaw"]
[Result "0-1"]
[WhiteElo "2155"]
[BlackElo "2215"]
[PlyCount "64"]
[EventDate "1995.??.??"]
[EventType "swiss"]
[EventRounds "9"]
[EventCountry "POL"]
[SourceTitle "EXT 1997"]
[Source "ChessBase"]
[SourceDate "1996.11.15"]
[SourceVersion "1"]
[SourceVersionDate "1996.11.15"]
[SourceQuality "1"]

1. d4 Nf6 2. c4 e6 3. Nf3 Bb4+ 4. Bd2 Qe7 5. Qc2 Bxd2+ 6. Nbxd2 d6 7. e4 e5 8. d5 a5 9. b3 0-0 10. g3 Na6 11. Bg2 Nh5 12. Nh4 g6 13. 0-0 f5 14. exf5 gxf5 15. Rfe1 Qf6 16. Qc3 Nc5 17. Re2 Bd7 18. Rb1 b6 19. Rbe1 Rf7 20. Kh1 Raf8 21. Kg1 Rg7 22. Kh1 Kh8 23. Qf3 Qg5 24. Qc3 e4 25. Qe3 f4 26. Qd4 f3 27. Ndxf3 exf3 28. Bxf3 Nf4 29. Re3 Ng6 30. Nxg6+ Qxg6 31. Kg2 Qf6 32. Qg4 Bxg4 0-1

[Event "Bytom op"]
[Site "Bytom"]
[Date "1995.??.??"]
[Round "?"]
[White "Mossakowski, Florian"]
[Black "Sladkowski, Stanislaw"]
[Result "0-1"]
[WhiteElo "2220"]
[BlackElo "2215"]
[PlyCount "84"]
[EventDate "1995.??.??"]
[EventType "swiss"]
[EventRounds "9"]
[EventCountry "POL"]
[SourceTitle "EXT 1997"]
[Source "ChessBase"]
[SourceDate "1996.11.15"]
[SourceVersion "1"]
[SourceVersionDate "1996.11.15"]
[SourceQuality "1"]

1. d4 Nf6 2. c4 e6 3. Nc3 Bb4 4. Nf3 b6 5. e3 Ne4 6. Qc2 Bb7 7. Be2 0-0 8. 0-0 Bxc3 9. bxc3 f5 10. Bb2 d6 11. Rad1 Nd7 12. Qb3 Qe7 13. Ba3 b5 14. Bc1 e5 15. d5 g5 16. Qc2 g4 17. Nd2 Nxd2 18. Bxd2 e4 19. f3 exf3 20. gxf3 f4 21. e4 Ne5 22. Kh1 Qh4 23. fxg4 f3 24. Bd3 Nxg4 25. Bg5 Qxg5 26. Rg1 h5 27. h3 Qh4 28. Qh2 Bc8 29. hxg4 Qxh2+ 30. Kxh2 hxg4 31. Rdf1 Kg7 32. Kg3 Bd7 33. Rh1 Rh8 34. a3 Kf6 35. Re1 Ke5 36. Ref1 Raf8 37. Rb1 Kf6 38. Rbe1 Re8 39. Ref1 Kg5 40. Re1 Ref8 41. Ref1 Be8 42. Re1 f2 0-1

[Event "Bytom op"]
[Site "Bytom"]
[Date "1995.??.??"]
[Round "?"]
[White "Sladkowski, Stanislaw"]
[Black "Radzikowska, Krystyna"]
[Result "1/2-1/2"]
[WhiteElo "2215"]
[BlackElo "2015"]
[PlyCount "84"]
[EventDate "1995.??.??"]
[EventType "swiss"]
[EventRounds "9"]
[EventCountry "POL"]
[SourceTitle "EXT 1997"]
[Source "ChessBase"]
[SourceDate "1996.11.15"]
[SourceVersion "1"]
[SourceVersionDate "1996.11.15"]
[SourceQuality "1"]

1. e4 Nf6 2. Nc3 d5 3. e5 Ne4 4. d4 Nxc3 5. bxc3 c5 6. f4 Nc6 7. Nf3 Bg4 8. Be2 Bxf3 9. Bxf3 e6 10. 0-0 c4 11. a4 h5 12. Ba3 Bxa3 13. Rxa3 g6 14. Qb1 b6 15. Qb5 Qd7 16. Rfa1 Na5 17. g3 Qxb5 18. axb5 Kd7 19. h3 Kc7 20. Kf2 Rh7 21. Rg1 Rah8 22. Raa1 Kd7 23. Rg2 Kc7 24. g4 hxg4 25. hxg4 Rh1 26. Rgg1 Rxg1 27. Rxg1 Kd7 28. Kg3 Ke7 29. Rf1 Rh6 30. Rf2 Ke8 31. f5 g5 32. Bg2 Ke7 33. Rf1 Nb7 34. Ra1 Na5 35. Bf3 Kd7 36. Be2 Ke7 37. Rf1 Ke8 38. f6 Kd7 39. Bf3 Nb7 40. Re1 Na5 41. Ra1 Ke8 42. Be2 Kd7 1/2-1/2

[Event "Bytom op"]
[Site "Bytom"]
[Date "1995.??.??"]
[Round "?"]
[White "Struk, Jerzy"]
[Black "Sladkowski, Stanislaw"]
[Result "0-1"]
[WhiteElo "2125"]
[BlackElo "2215"]
[PlyCount "55"]
[EventDate "1995.??.??"]
[EventType "swiss"]
[EventRounds "9"]
[EventCountry "POL"]
[SourceTitle "EXT 1997"]
[Source "ChessBase"]
[SourceDate "1996.11.15"]
[SourceVersion "1"]
[SourceVersionDate "1996.11.15"]
[SourceQuality "1"]

1. e4 e6 2. d4 d5 3. Nc3 Bb4 4. e5 c5 5. a3 Bxc3+ 6. bxc3 Ne7 7. Qg4 Kf8 8. a4 Qc7 9. Bd3 cxd4 10. Ne2 Qxe5 11. Bf4 Qf6 12. Qg3 Nbc6 13. Bg5 Qe5 14. Bf4 Qh5 15. cxd4 Nf5 16. Bxf5 Qxf5 17. 0-0 Qxc2 18. Rac1 Qxe2 19. Rxc6 bxc6 20. Bd6+ Kg8 21. Be5 g6 22. Qf4 Ba6 23. Rc1 h5 24. h3 Rh7 25. Qf6 Bc4 26. Rb1 Qe4 27. Rb8+ Rxb8 28. Bxb8 0-1